Pracovný trh v Európe z pohľadu zamestnaných Slovákov diplomová práca

Gespeichert in:
Bibliographische Detailangaben
1. Verfasser: Hrklová, Dominika
Körperschaft: Fakulta medzinárodných vzťahov EU. Katedra medzinárodných politických vzťahov
Weitere Verfasser: Štefancová, Viera
Format: Buch
Sprache:Slowakisch
Veröffentlicht: Bratislava 2018
Tags: Tag hinzufügen
Keine Tags, Fügen Sie das erste Tag hinzu!

MARC

LEADER 00000nbm a2200000 4500
001 0244480
005 20180806120233.6
041 0 |a slo 
044 |a SK 
245 1 0 |a Pracovný trh v Európe z pohľadu zamestnaných Slovákov  |b diplomová práca  |c Dominika Hrklová ; školiteľ: Viera Štefancová 
264 1 |a Bratislava  |c 2018 
300 |a 80 s. 
100 1 |a Hrklová, Dominika 
700 1 |a Štefancová, Viera 
710 2 |a Fakulta medzinárodných vzťahov EU. Katedra medzinárodných politických vzťahov